[Event "Centralserbian-chT 2020"]
[Site "Bajina basta"]
[Date "2020.10.11"]
[Round "1.1"]
[White "Dimitrov, Radoslav"]
[Black "Ivic, Velimir"]
[Result "1/2-1/2"]
[WhiteElo "2507"]
[BlackElo "2548"]
[Annotator "TA"]
[PlyCount "73"]
[EventDate "2020.10.10"]
[EventType "team-tourn"]
[EventCountry "SRB"]
[SourceTitle "playchess.com"]
[Source "ChessBase"]
[SourceQuality "1"]

{[%evp 10,73,0,-10,-4,-12,-21,-40,-33,-38,-33,-34,-51,-41,-27,-29,-19,-25,-28,-25,-25,-51,-33,-34,-28,-37,-36,-36,-33,-38,-39,-34,-39,-55,0,0,0,0,8,-27,-21,-21,-29,-29,52,-9,-20,-29,0,0,0,0,0,0,12829,0,0,0,0,0,0,0,0,0,0,0]} 1. c4 e5 2. Nc3 Nf6 3. Nf3 Nc6 4. d4 exd4 5. Nxd4 Bb4 6. g3 Bxc3+ $1 {[%mdl 4] is more profitable than 6...0-0 at the moment. Played by Anish Giri in June 2020. A28: English Opening: Four Knights Variation.} 7. bxc3 Na5 {[#]} 8. e3 $146 ({Predecessor:} 8. e4 O-O 9. f3 d6 10. h4 Be6 11. h5 h6 12. g4 Nd7 13. g5 hxg5 14. h6 {½-½ (39) Nepomniachtchi,I (2784)-Giri,A (2764) chess24.com INT 2020}) 8... O-O {Black is slightly better.} 9. Nb3 Nc6 10. Be2 d6 11. O-O a5 {[%cal Ba7a5,Ba5a4][%mdl 32]} 12. f3 a4 13. Nd4 Nd7 14. e4 Na5 15. Nb5 b6 16. Qxa4 Nc5 17. Qd1 Nab3 18. Bg5 Qxg5 19. axb3 Rxa1 20. Qxa1 Nxb3 21. Qa3 Qe3+ (21... Nc5 $1 $15) 22. Rf2 $11 Nc1 23. Bf1 Qe1 {aiming for ...Nd3.} 24. Kg2 {[#]} Bh3+ $1 {[%mdl 512]} 25. Kxh3 Qxf2 26. Qxc1 f5 ({Black should play} 26... Ra8 $11 27. Bg2 (27. Nxc7 $2 Ra2 $19) 27... Ra2) 27. Nd4 (27. exf5 $14 Rxf5 28. Qd1) 27... fxe4 {Strongly threatening ...c5.} 28. c5 $1 {[%cal Rc5b6] cxb6 is the strong threat.} bxc5 29. Bc4+ Kh8 30. Ne6 {Threatens to win with Qg5.} Rf6 31. Ng5 $1 Rh6+ (31... exf3 32. Qb1 $18) 32. Kg4 {White wants to mate with Qf4.} Rg6 {The position is equal.} 33. Kh3 {Threatening mate with Qf4.} Rh6+ $1 (33... exf3 34. Nf7+ Kg8 35. Ne5+ Kf8 36. Nxg6+ hxg6 37. Qf4+ Ke8 38. Qf7+ Kd8 39. Bb5) 34. Kg4 {Intending Qf4 and mate.} Rg6 35. Kh3 {White threatens Qf4 and mate.} Rh6+ $1 (35... exf3 36. Nf7+ Kg8 37. Ne5+ Kf8 38. Nxg6+ Ke8 {[#]} 39. Qf4 $1 {[%mdl 512]} hxg6 40. Qf7+ Kd8 41. Bb5) 36. Kg4 {Qf4 would kill now.} Rg6 {( -> ...Qxf3+)} 37. Kh3 {Accuracy: White = 86%, Black = 85%.} 1/2-1/2

[Event "Centralserbian-chT 2020"]
[Site "Bajina basta"]
[Date "2020.10.11"]
[Round "1.3"]
[White "Kojovic, Dragan"]
[Black "Celik, Hasan Huseyin"]
[Result "1-0"]
[WhiteElo "2307"]
[BlackElo "1970"]
[Annotator "TA"]
[PlyCount "85"]
[EventDate "2020.10.10"]
[EventType "team-tourn"]
[EventCountry "SRB"]
[SourceTitle "playchess.com"]
[Source "ChessBase"]
[SourceQuality "1"]

{[%evp 18,85,30,18,15,13,13,9,15,8,5,0,0,0,16,17,11,0,60,18,31,0,27,21,49,40,54,36,41,43,81,62,66,66,66,66,69,74,73,74,75,48,68,56,70,41,41,41,51,51,53,54,106,97,129,129,185,150,150,150,676,666,752,784,779,755,1058,761,1006,983]} 1. d4 d5 2. c4 c6 3. cxd5 cxd5 4. Nc3 Nc6 5. Bf4 Nf6 6. e3 Bf5 7. Qb3 Na5 8. Bb5+ Bd7 9. Qa4 Nc6 10. Nf3 a6 {D10: Slav Defence: 3 cxd5 (without early Nf3) and 3 Nc3.} 11. Bxc6 Bxc6 12. Qb3 e6 {The position is equal.} 13. O-O Nd7 14. Ne5 Nxe5 15. Bxe5 Bd6 16. Bxd6 ({Of course not} 16. Bxg7 Rg8 $17) 16... Qxd6 {[#]} 17. f4 $146 ({Predecessor:} 17. Rac1 O-O 18. Rc2 Rac8 19. Rfc1 Qd8 20. a4 a5 21. h3 Qe7 22. Nb5 Ra8 23. Rc5 {1-0 (83) Hamdouchi,H (2559)-Fressinet,L (2638) Bordeaux 2005}) 17... f5 ({Black should try} 17... O-O $11) 18. a3 O-O 19. Rf2 Rf7 20. Rc1 Be8 21. Nb1 {[%cal Bc3b1,Bb1d2,Bd2f3][%mdl 32]} Rc7 22. Rxc7 Qxc7 23. Rc2 Bc6 24. Qb4 Rc8 25. Nd2 Qd8 26. Nf3 Bb5 27. Rxc8 Qxc8 28. Qc5 Qd8 29. b3 $40 {[%mdl 128] White has some attack.} h6 30. Qc2 Kh7 31. a4 Be8 32. h3 b5 33. axb5 Bxb5 34. g4 Qf6 (34... Be8 $14) 35. h4 Kg8 36. Qc8+ Kh7 (36... Qf8 $16 37. Qxe6+ {[%mdl 64] Double Attack} Qf7 38. Qxf7+ (38. gxf5 Qxe6 39. fxe6 Kf8 $16) (38. Qxf5 Qxf5 39. gxf5 Kf7 $14) 38... Kxf7) 37. g5 $18 Qe7 38. h5 {[%csl Gh5][%cal Rg5g6] [#]} Be8 $2 {Loses the game.} (38... Qe8 $16 39. g6+ Kg8) 39. g6+ {White is clearly winning.} Kg8 40. Qxa6 Kf8 41. Qb6 Qf6 42. Qd6+ Kg8 43. Kf2 {Accuracy: White = 84%, Black = 48%.} 1-0

[Event "Centralserbian-chT 2020"]
[Site "Bajina basta"]
[Date "2020.10.11"]
[Round "1.4"]
[White "Solomunovic, Igor"]
[Black "Marinkovic, Ivan"]
[Result "1/2-1/2"]
[WhiteElo "2355"]
[BlackElo "2451"]
[Annotator "TA"]
[PlyCount "34"]
[EventDate "2020.10.10"]
[EventType "team-tourn"]
[EventCountry "SRB"]
[SourceTitle "playchess.com"]
[Source "ChessBase"]
[SourceQuality "1"]

{[%evp 14,21,55,44,52,31,24,29,36,27]} 1. e4 Nf6 2. e5 Nd5 3. d4 d6 4. Nf3 dxe5 5. Nxe5 g6 6. Bc4 c6 7. O-O Bg7 8. Nd2 Nd7 {B04: Alekhine's Defence: 4 Nf3.} 9. Nxd7 Bxd7 10. Nf3 Bg4 11. c3 {[#] White took control after the opening.} {Predecessor:} e6 $146 12. h3 Bxf3 13. Qxf3 O-O 14. Re1 b5 15. Bb3 Qb6 16. Bg5 Rfe8 17. Rad1 a5 {1-0 (49) Steinberg,N (2290)-Gilboa,A (2236) Israel 2012} 1/2-1/2

[Event "Centralserbian-chT 2020"]
[Site "Bajina basta"]
[Date "2020.10.11"]
[Round "1.5"]
[White "Radovanovic, Dusan"]
[Black "Todorovic, Goran M"]
[Result "0-1"]
[WhiteElo "2326"]
[BlackElo "2404"]
[Annotator "TA"]
[PlyCount "53"]
[EventDate "2020.10.10"]
[EventType "team-tourn"]
[EventCountry "SRB"]
[SourceTitle "playchess.com"]
[Source "ChessBase"]
[SourceQuality "1"]

{[%evp 20,53,43,35,43,21,20,-33,-24,-12,0,-13,-11,-14,-38,-9,-22,-16,-29,-23,-12,-98,-56,-42,311,320,302,287,1637,1635,2610,1757,1841,1309,2935,3014]} 1. d4 Nf6 2. c4 g6 3. Nc3 Bg7 4. e4 d6 5. Nf3 O-O 6. Be2 e5 7. O-O exd4 8. Nxd4 Re8 9. f3 c6 10. Kh1 Nbd7 11. Nc2 Nb6 {E94: King's Indian: Classical: 6 Be2 e5 7 0-0: Various Black 7th moves.} 12. a4 Be6 13. Ne3 (13. Na3 $11) 13... a5 $1 $15 {Black is slightly better.} 14. f4 Qc7 15. Ra3 Rad8 16. Qe1 Bc8 17. c5 dxc5 18. e5 Nfd5 19. Ne4 f6 20. Qh4 (20. Nxf6+ $11 {remains equal.} Nxf6 21. exf6 Bxf6 22. f5) 20... fxe5 21. f5 $1 {Threatens to win with Nxd5.} Bxf5 $2 {[%mdl 8192] Now Black is done in.} (21... Rf8 $15 {stays ahead.} 22. f6 Nxf6 $1 {[%mdl 512]} 23. Rxf6 (23. Nxf6+ $2 Rxf6 24. Rxf6 Qe7 $19 {[%mdl 64] Pin}) 23... Bxf6 24. Nxf6+ Kh8) 22. Nxf5 $18 gxf5 {[#]} 23. Rh3 $1 ({Not} 23. Rxf5 Qd7 $16) 23... Bh8 $2 (23... f4) 24. Rxf5 {White is clearly winning.} Rd7 25. Rg5+ Kf8 26. Rf3+ Rf7 27. Qh6+ {[%mdl 32768] Accuracy: White = 76%, Black = 40%. . Loss on time!?} 0-1

[Event "Centralserbian-chT 2020"]
[Site "Bajina basta"]
[Date "2020.10.11"]
[Round "1.6"]
[White "Radovanovic, Jovica"]
[Black "Radivojevic, Ivan"]
[Result "1/2-1/2"]
[WhiteElo "2303"]
[BlackElo "2365"]
[Annotator "TA"]
[PlyCount "120"]
[EventDate "2020.10.10"]
[EventType "team-tourn"]
[EventCountry "SRB"]
[SourceTitle "playchess.com"]
[Source "ChessBase"]
[SourceQuality "1"]

{[%evp 17,120,36,41,24,25,0,25,29,42,45,52,51,52,31,56,27,50,44,52,31,44,39,40,38,29,18,33,35,35,43,35,19,19,30,27,17,29,33,32,17,18,18,18,15,13,16,12,10,18,11,93,91,88,93,91,91,97,93,93,0,0,0,21,0,89,80,147,161,143,21,21,21,21,0,21,21,21,21,21,0,45,21,47,47,76,61,61,26,76,0,0,0,0,0,0,0,0,0,0,0,0,0,0,0,0]} 1. d4 Nf6 2. Nf3 e6 3. c4 Bb4+ 4. Bd2 Qe7 5. g3 O-O 6. Bg2 Bxd2+ 7. Qxd2 d6 8. O-O e5 9. Nc3 Re8 10. Qc2 {E11: Bogo-Indian.} c6 11. e3 {[#]} Qc7 $146 ({Predecessor:} 11... Na6 12. a3 Nc7 13. b4 Rb8 14. Nd2 Bd7 15. dxe5 Qxe5 16. Rae1 d5 17. cxd5 Ncxd5 18. Nxd5 cxd5 {½-½ (26) Holzapfel,D (2289)-Hasic,M (2016) Germany 2018}) 12. Rac1 {White has an edge.} Nbd7 13. Rfd1 Nf8 14. h3 h6 15. a3 Bd7 16. b4 Rad8 17. dxe5 dxe5 18. Nd2 Qc8 19. Nde4 Nxe4 20. Nxe4 {Threatens to win with Nd6.} Bf5 21. Kh2 Bxe4 22. Bxe4 Rxd1 23. Rxd1 Rd8 24. Bf5 Qc7 25. c5 g6 {...Rxd1 is the strong threat.} 26. Be4 h5 27. Rxd8 Qxd8 28. b5 Qe7 29. bxc6 bxc6 30. Bxc6 Ne6 31. Bd5 $36 {[%mdl 2048] aiming for c6. White fights for an advantage.} Qxc5 32. Qb3 Qd6 33. Kg2 Kg7 (33... a5 $11 {remains equal.}) 34. Bxe6 $1 $16 fxe6 {[%mdl 4096] Endgame KQ-KQ} 35. Qb7+ Kf6 36. Qxa7 Qd5+ 37. Kh2 $1 Qf3 38. Kg1 (38. e4 $1 $16) 38... Qd1+ $11 39. Kg2 Qd5+ 40. Kh2 (40. e4 $11 Qxe4+ 41. Kg1) 40... Qf3 $1 $16 {[%cal Rf3f2] [#]} 41. e4 $1 h4 ({Black should play} 41... Qxe4 42. Qc5 Kf7) 42. gxh4 Qxe4 43. Qe3 ({Better is} 43. Qc5 $16 {[%cal Rc5f8]} Kf7 44. Qc7+ Ke8 45. Qd6) 43... Qxh4 $11 44. Qf3+ Kg7 45. Qe3 Kf6 46. Kg2 Qc4 47. Qf3+ Kg7 48. Kg3 Qd4 49. Qe3 {And now Qxd4 would win.} Qa1 50. Kg2 Kh7 51. h4 Qa2 52. Qf3 {Strongly threatening Qf7+.} Qc4 53. h5 (53. Qf7+ $16 Kh6 {[#]} 54. Qf6 $1 {[%mdl 512]}) 53... Kh6 $1 {The position is equal.} 54. hxg6 Kxg6 55. Kg3 {Black must now prevent Qg4+.} Kg5 56. Qe3+ Kf5 $1 57. f3 Qc2 58. Qa7 {Qh7+ would kill now.} e4 59. Qh7+ Ke5 60. Qxe4+ Qxe4 {Accuracy: White = 82%, Black = 78%.} 1/2-1/2

[Event "Centralserbian-chT 2020"]
[Site "Bajina basta"]
[Date "2020.10.11"]
[Round "1.8"]
[White "Irizanin, Radoje"]
[Black "Ostojic, Nikola"]
[Result "1/2-1/2"]
[WhiteElo "2331"]
[BlackElo "2406"]
[Annotator "TA"]
[PlyCount "55"]
[EventDate "2020.10.10"]
[EventType "team-tourn"]
[EventCountry "SRB"]
[SourceTitle "playchess.com"]
[Source "ChessBase"]
[SourceQuality "1"]

{[%evp 25,55,14,20,8,29,30,37,0,27,14,50,0,0,-14,-21,-16,-26,-18,-9,-17,-12,-23,-16,-33,0,0,0,-18,-18,-11,-16,-27]} 1. c4 g6 2. g3 Bg7 3. Bg2 d6 4. Nc3 Nf6 5. e4 c5 6. Nge2 Nc6 7. O-O O-O 8. d3 Rb8 9. h3 Ne8 10. Be3 Nc7 11. d4 cxd4 12. Nxd4 a6 13. a4 Ne6 {[%cal Rg7d4]} 14. Nde2 {A36: Symmetrical English vs ...g6: 4 Bg2 Bg7.} Nc5 15. Rb1 f5 16. Kh2 {White is slightly better.} Kh8 {[#]} 17. b3 $146 ({Predecessor:} 17. f4 Nxe4 18. Nxe4 fxe4 19. b3 Be6 20. Bxe4 Qd7 21. g4 b5 22. axb5 axb5 23. c5 {½-½ (42) Weber,T (2324)-Heimann,A (2498) Biel 2011}) 17... e5 18. Qd2 f4 19. Bxc5 dxc5 20. Qxd8 Rxd8 21. Nd5 fxg3+ 22. fxg3 Be6 23. h4 Bg8 24. Nec3 Bh6 25. Nf6 {The position is equal.} Rd2 26. Nxg8 Kxg8 27. Nd5 Rf8 28. Kh1 {Accuracy: White = 84%, Black = 69%.} 1/2-1/2

[Event "Centralserbian-chT 2020"]
[Site "Bajina basta"]
[Date "2020.10.11"]
[Round "1.9"]
[White "Savic, Miodrag R"]
[Black "Pavlovic, Dejan S"]
[Result "1-0"]
[WhiteElo "2433"]
[BlackElo "2390"]
[Annotator "TA"]
[PlyCount "115"]
[EventDate "2020.10.10"]
[EventType "team-tourn"]
[EventCountry "SRB"]
[SourceTitle "playchess.com"]
[Source "ChessBase"]
[SourceQuality "1"]

{[%evp 16,115,0,3,8,17,10,22,0,0,18,0,0,8,0,4,4,7,18,6,14,0,13,0,2,6,0,0,47,35,53,18,41,41,31,39,100,99,102,0,0,-20,-21,-21,-7,-20,-19,-16,-13,-16,0,-19,-13,-16,-6,-8,55,48,69,69,69,70,95,87,85,85,85,85,74,27,34,31,37,53,59,56,56,56,83,0,0,0,83,70,74,26,26,33,26,0,303,271,1992,1999,29970,6163,29971,29972,29973,29975,29993,29992]} 1. e4 c5 2. c3 Nf6 3. e5 Nd5 4. g3 Nc6 5. Bg2 e6 6. Nf3 d6 7. exd6 Bxd6 8. d4 O-O 9. O-O h6 {B22: Sicilian: 2 c3.} 10. dxc5 Bxc5 11. Qe2 Qc7 {[#] The position is equal.} 12. Nbd2 $146 ({Predecessor:} 12. c4 Nf6 13. Bf4 e5 14. Nxe5 Nd4 15. Qd2 Ne6 16. Ng6 Nxf4 17. Nxf4 Rd8 18. Nd5 Nxd5 19. cxd5 {1-0 (86) Glek,I (2464)-Novikov,S (2535) Sochi 2019}) 12... Rd8 13. Nb3 Be7 14. Rd1 Bd7 15. c4 Nf6 $1 16. Bf4 Qb6 17. Rac1 Be8 18. Be3 Qc7 19. Nfd4 Nxd4 20. Nxd4 a6 {[%cal Ba7a6,Ba6a5][%mdl 32]} 21. a3 Rd7 22. b4 Rad8 23. Rd2 (23. Bf4 $5 {[%cal Rf4c7]} Bd6 24. Be3 $11) 23... a5 24. Nb5 Rxd2 25. Bxd2 Bxb5 (25... Qd7 $14 26. Bc3 axb4 27. axb4 Nh7) 26. cxb5 $16 Qd7 27. Be1 ({White must play} 27. bxa5 $16 Bxa3 28. Rc2) 27... axb4 $11 28. axb4 Nd5 $36 {[%mdl 2048] Black has the initiative.} 29. Qc4 Bg5 30. Rc2 Qd6 31. Bf3 Qe5 32. Re2 Qd6 33. Qc5 Qd7 34. Rc2 Ra8 35. Kg2 g6 (35... Rf8 $11) 36. Bxd5 $1 $14 Qxd5+ 37. Qxd5 exd5 {[%mdl 4096] Endgame KRB-KRB} 38. Rc7 b6 39. Bc3 Kf8 40. Bd4 Ke8 41. Bxb6 {Hoping for Bc5.} Rb8 42. Rc6 Be7 43. Kf3 Bxb4 44. Kf4 d4 45. Ke4 Be1 $1 46. f3 Kd7 47. Rc7+ ({Don't play} 47. Bxd4 Rxb5 48. Ra6 Bb4 $11) (47. Kd3 $16) 47... Ke6 $11 48. Rc6+ ({Better is} 48. Bxd4 $11 Rxb5 49. Rc6+ Kd7 50. Rf6) 48... Kd7 $16 49. Kd3 Bf2 $1 50. Kc4 (50. Bxd4 Bxd4 51. Kxd4 Rxb5 $11) 50... Bg1 51. h3 d3 $1 {[%cal Rd3d2] Threatens to win with ...d2.} 52. Bc5 {Black must now prevent Rd6+.} Bh2 $2 {[%mdl 8192]} ({Much weaker is} 52... Bxc5 $6 53. Rxc5 d2 54. Rd5+ Kc7 55. Rxd2 $16) (52... Rc8 $1 $11 {and Black stays safe.} 53. Bb4 Rxc6+ 54. bxc6+ Kxc6) 53. Rd6+ $18 {[%mdl 64] [#] Double Attack} Kc7 $2 (53... Kc8 54. Bf2 (54. Rxd3 Bxg3 55. b6 Rb7 $18) 54... h5) 54. b6+ Kc8 55. Rxd3 (55. Kb5 $142 Bxg3 56. Rxd3 Rb7 57. Kc6 Bf4 58. Rd4 Bc7 59. Re4 Bxb6 60. Bxb6 Rxb6+ 61. Kxb6) 55... Bxg3 56. Kb5 {White mates.} Bf4 57. Kc6 g5 58. Be7 {Accuracy: White = 82%, Black = 71%.} 1-0

[Event "Centralserbian-chT 2020"]
[Site "Bajina basta"]
[Date "2020.10.11"]
[Round "1.10"]
[White "Novoselski, Zoran"]
[Black "Rabrenovic, Vladan"]
[Result "1/2-1/2"]
[WhiteElo "2318"]
[BlackElo "2302"]
[Annotator "TA"]
[PlyCount "120"]
[EventDate "2020.10.10"]
[EventType "team-tourn"]
[EventCountry "SRB"]
[SourceTitle "playchess.com"]
[Source "ChessBase"]
[SourceQuality "1"]

{[%evp 13,120,0,0,0,12,0,15,15,11,4,0,2,19,5,24,-12,0,0,0,-31,-37,-29,42,-37,-30,-36,-32,-56,-18,-95,-56,-84,-27,-77,-87,-89,-79,-87,-82,-81,-86,-90,-48,-57,0,-33,0,-114,-56,-56,-58,-58,-58,-51,-17,-61,-57,-50,0,0,0,0,0,0,0,8,125,125,103,52,52,52,52,52,59,52,59,61,63,15,15,15,15,15,15,15,18,8,29968,29971,29971,29972,29972,29972,29969,15,15,15,15,15,15,15,15,15,15,15,15,15,15]} 1. e4 c5 2. Nc3 e6 3. Nf3 a6 4. g3 b5 5. Bg2 Bb7 6. d4 cxd4 7. Nxd4 b4 {7...Nc6 gains popularity.} 8. Na4 {B43: Sicilian: Kan Variation: 5 Nc3.} Nf6 9. Qe2 Qa5 10. b3 Nc6 11. Bb2 Nxd4 12. Bxd4 e5 13. Be3 {[#]} Be7 $146 ({Predecessor:} 13... Qb5 14. Nb6 Qxe2+ 15. Kxe2 Rd8 16. f3 d5 17. exd5 Nxd5 18. Nxd5 Bxd5 19. Rhd1 Bc6 20. Rxd8+ Kxd8 {½-½ (44) Westerinen,H (2388)-Oms Pallisse,J (2476) Balaguer 2005}) 14. Rd1 Qc7 15. Nb6 Rb8 16. Nd5 Nxd5 17. exd5 d6 ({Black should play} 17... O-O $11) 18. Be4 (18. a3 $14) 18... O-O $15 19. g4 Bc8 20. Rg1 Bh4 21. Rd3 (21. g5 $1 $11 {was the only way to keep the balance.} Qc3+ 22. Qd2) 21... Qe7 22. Bd2 Bg5 ({Black should try} 22... a5 $17 23. Rf3 h6) 23. h4 Bxd2+ $1 24. Qxd2 f5 25. gxf5 Bxf5 26. Bxf5 Rxf5 27. Rg4 Rf4 28. Rdg3 Rbf8 (28... Rxg4 $15 29. Rxg4 a5) 29. Qe2 a5 ({Reject} 29... Rxf2 $6 30. Rxg7+ Qxg7 31. Rxg7+ Kxg7 32. Qg4+ (32. Qxa6 R8f6 $11) 32... Kh8 33. Qxb4 $16) 30. h5 {[#]} (30. Rxg7+ $11 Qxg7 31. Rxg7+ Kxg7 32. Qa6 Re4+ 33. Kd1) 30... R8f7 (30... R4f7 $1 $17 31. f3 Kh8) 31. h6 g6 32. Rxf4 exf4 33. Rh3 Qxe2+ 34. Kxe2 {[%mdl 4096] Endgame KR-KR} Rc7 35. Kd2 Rc5 36. c4 bxc3+ 37. Rxc3 Rxd5+ 38. Rd3 Rb5 39. Rxd6 g5 (39... a4 $11 {keeps the balance.}) 40. Rd7 $16 a4 41. Kc3 (41. Rg7+ $16 Kh8 42. Rc7 (42. bxa4 Rb2+ 43. Kc3 Rxa2 $16)) 41... axb3 42. axb3 Rb6 43. Rg7+ Kh8 44. Rxg5 {And now b4 would win.} Rxh6 45. b4 {[%cal Bb3b4,Bb4b5,Bb5b6,Bb6b7][%mdl 32] Threatens to win with b5.} Rh3+ 46. Kd4 {With the idea b5.} Rf3 47. Rg2 h5 48. b5 {Strongly threatening Kc4.} Kh7 49. Kc4 Ra3 $1 50. b6 {b7 is the strong threat.} Ra2 $2 {[%mdl 8192] [#]} (50... Ra6 $11) 51. Rg5 $1 Kh6 52. Rb5 Ra8 53. b7 Rb8 54. Kd4 $2 (54. Kc5 {mates} Kg5 55. Kc6+ Kg4 56. Kc7 Rh8 57. b8=Q Rxb8 58. Rxb8 h4 59. Kd6) 54... h4 $1 $11 {The position is equal.} 55. Ke4 h3 56. Kf3 Kg6 57. Kg4 h2 58. Rg5+ Kf6 59. Rh5 Rxb7 60. Kxf4 Rb4+ {Accuracy: White = 69%, Black = 70%.} 1/2-1/2

[Event "Centralserbian-chT 2020"]
[Site "Bajina basta"]
[Date "2020.10.11"]
[Round "1.12"]
[White "Marcetic, Nikola"]
[Black "Zivkovic, Vladislav"]
[Result "1-0"]
[WhiteElo "2329"]
[BlackElo "2171"]
[Annotator "TA"]
[PlyCount "75"]
[EventDate "2020.10.10"]
[EventType "team-tourn"]
[EventCountry "SRB"]
[SourceTitle "playchess.com"]
[Source "ChessBase"]
[SourceQuality "1"]

{[%evp 17,75,30,22,17,63,55,64,62,35,22,22,39,25,-19,0,-40,38,47,73,79,256,244,322,130,520,532,570,562,543,563,566,557,552,563,556,529,605,592,929,1022,1105,1035,1019,993,1092,814,947,979,962,898,1013,991,1147,1128,927,1016,1196,1173,1228,1237]} 1. d4 d5 2. Bf4 e6 3. e3 c5 4. c3 Bd6 5. Bg3 Nc6 6. Nf3 Nf6 7. Nbd2 O-O 8. Bd3 Re8 9. Ne5 Qc7 {[%cal Rc6e5]} 10. f4 {D02: 1 d4 d5 2 Nf3 sidelines, including 2...Nf6 3 g3 and 2...Nf6 3 Bf4.} c4 11. Bc2 b5 12. Bh4 {White is slightly better.} Be7 13. Bxf6 Bxf6 14. Nxc6 Qxc6 15. e4 {[#]} Bd7 $146 ({Predecessor:} 15... Rb8 16. O-O dxe4 17. Bxe4 Qb6 18. Nf3 Bb7 19. Qe2 g6 20. Ne5 Rbd8 21. Rad1 Bg7 {½-½ (30) Macek,V-Bazaj Bockai,S Pula 1990}) 16. e5 Be7 ({Better is} 16... Bh4+ $15 17. g3 Be7) 17. Nf3 $14 g6 18. h4 $1 h5 $2 {[#]} (18... Kg7 $16) 19. g4 $1 $18 hxg4 {[#]} 20. Ng5 (20. h5 $1 $18 {is the precise move to win.}) 20... Bxg5 $4 {[%mdl 8192] This move loses the game for Black.} (20... f5 $16 {is more resistant.}) 21. fxg5 {White is clearly winning.} Kf8 22. Qxg4 Ke7 23. Qf4 Kd8 {If only Black now had time for ...Re7....} 24. Qxf7 b4 25. Bxg6 Kc7 26. O-O Rab8 27. h5 bxc3 28. bxc3 Qa4 29. Qg7 Red8 30. Qe7 Rb6 31. Rfb1 Qa5 32. Rxb6 axb6 33. Qd6+ Kc8 34. Qb4 Qxb4 35. cxb4 Rg8 36. Kf2 Rf8+ 37. Ke3 Ba4 38. Bh7 {Accuracy: White = 78%, Black = 35%.} 1-0

[Event "Centralserbian-chT 2020"]
[Site "Bajina basta"]
[Date "2020.10.11"]
[Round "2.1"]
[White "Ristic, Nebojsa B"]
[Black "Kostic, Vladimir G"]
[Result "0-1"]
[WhiteElo "2312"]
[BlackElo "2289"]
[Annotator "TA"]
[PlyCount "60"]
[EventDate "2020.10.10"]
[EventType "team-tourn"]
[EventCountry "SRB"]
[SourceTitle "playchess.com"]
[Source "ChessBase"]
[SourceQuality "1"]

{[%evp 14,60,44,-4,-8,-2,-6,-30,16,25,16,40,75,51,56,22,40,39,41,13,70,9,25,4,214,218,214,202,211,-478,-505,-1443,-897,-1440,-1394,-1281,-1207,-29986,-29956,-6499,-6495,-1398,-1318,-29991,-29992,-29996,-29997,-29997,-352]} 1. d4 Nf6 2. Bf4 g6 3. Nc3 Bg7 4. e4 O-O 5. Qd2 d6 6. O-O-O c6 7. Nf3 {7.f3 is a critical line.} b5 8. Bd3 Bg4 {B08: Pirc Defence: Classical System.} 9. h3 Bxf3 $1 10. gxf3 Qa5 {Black has an edge.} 11. Kb1 b4 12. Ne2 Nbd7 {[#]} 13. Bh6 $146 ({Predecessor:} 13. h4 h5 14. Bh6 c5 15. Rdg1 Rac8 16. Bc4 Kh7 17. Bxg7 Kxg7 18. Qg5 d5 19. Bxd5 Nxd5 20. exd5 {1-0 (29) Duminica,M (2160)-Tseitline,S (2042) Eforie Nord 1999}) 13... c5 14. h4 {Strongly threatening h5!} Rfc8 {And now ...c4 would win.} 15. Bxg7 Kxg7 16. dxc5 (16. h5 $5 c4 17. hxg6 cxd3 18. Qh6+ {[%mdl 64] Double Attack} Kh8 19. g7+ Kg8 20. Rxd3 $16) 16... dxc5 (16... Qxc5 $11 17. Ba6 Rc7) 17. b3 (17. h5 $1 $14 c4 18. hxg6) 17... c4 $11 18. Bxc4 Ne5 $2 (18... Rxc4 $11 {and Black stays safe.} 19. bxc4 Ne5) 19. Bd5 $1 $18 Nxf3 20. Qe3 $1 {[%cal Re3f3]} Rxc2 {[#]} 21. Kxc2 $4 {[%mdl 8192]} (21. a4 $1 $18 Rac8 22. Qxf3) 21... Qxa2+ $19 22. Kd3 {[#]} (22. Kc1 $142 Rc8+ 23. Bc4) 22... Ne5+ $1 23. Kd4 Nfg4 {( -> ...Rc8)} 24. Qc1 Qxe2 25. Bxa8 Qxf2+ 26. Kd5 Qb6 {[%csl Gb6,Gf7][%cal Re7e6]} 27. Bc6 Nxc6 28. e5 Ncxe5 {Black mates.} 29. Rhe1 e6+ 30. Ke4 f5+ {Accuracy: White = 56%, Black = 81%.} 0-1